000 01088nam a2200265Ia 4500
003 OSt
005 20221005110317.0
006 a|||||r|||| 00| 0
007 ta
008 221004b |||||||| |||| 00| 0 hin d
020 _a9789381582541 (hbk)
_c990
024 _a6737
037 _b148, 29/08/2013, Swaraj Prakashan
_cTextual
040 _aCRL
_cCRL
_bhin
041 _2hin
_ahin
082 _aO152,6M50:g, Q3
100 _aगुप्ता, रूपा
245 0 _aहिन्दी और बंगला नवजागरण भारतेन्दु एंव बंकिमचन्द्र के निबंध
246 _aHindī aur bangalā navajāgaraṇ bhāratendu eanva bankimachandra ke nibandha
260 _aनई दिल्ली
_bस्वराज प्रकाशन भारत
_c2013
300 _a261पृ0
_ccm.
650 _aहिन्दी साहित्य
942 _hO152,6M50:g, Q3
_cTEXL
_2cc
999 _c1018412
_d1018412